La imagen superviviente: historia del arte y tiempo de los fantasmas según Aby Warburg
Guardat en:
| Autor principal: | |
|---|---|
| Format: | Llibre |
| Idioma: | espanyol |
| Publicat: |
Madrid
Abada
2009
|
| Col·lecció: | Historia del Arte y de la Arquitectura
|
| Matèries: | |
| Etiquetes: |
Afegir etiqueta
Sense etiquetes, Sigues el primer a etiquetar aquest registre!
|
MARC
| LEADER | 00000cam a2200000 a 4500 | ||
|---|---|---|---|
| 001 | UCG7398 | ||
| 003 | CL-VaPUC | ||
| 008 | 110727e20090000SP |||||||||||||||||spa|d | ||
| 020 | |a 9788496775589 | ||
| 082 | 0 | 4 | |a 111.85 |b DID |2 21 |
| 100 | |a Didi-Huberman, Georges |e author |9 598908 | ||
| 245 | 1 | 3 | |a La imagen superviviente: historia del arte y tiempo de los fantasmas según Aby Warburg |
| 300 | |a 548 p | ||
| 942 | |c BK | ||
| 945 | |d 20110727 00:00:00 |a dcastane | ||
| 260 | |a Madrid |b Abada |c 2009 | ||
| 650 | 0 | |a Filosofía del arte |9 264951 | |
| 650 | 0 | |a Estética |9 264950 | |
| 650 | 0 | |a Ontología |9 256850 | |
| 650 | 0 | |a Semiótica |9 265317 | |
| 583 | |a last modification |c 20120403 02:06:16 |k Rodrigo Vera | ||
| 490 | 0 | |a Historia del Arte y de la Arquitectura | |
| 999 | |c 345410 |d 345408 | ||
| 952 | |0 0 |1 0 |2 ddc |4 0 |6 111_850000000000000_DID_2009 |7 0 |8 A |9 444106 |a BIBART |b BIBART |d 2019-11-22 |i 4788540 |l 1 |o 111.85 DID 2009 |p 4788540 |r 2025-03-13 |s 2023-10-03 |w 2019-11-22 |y BK |k ART | ||
| 952 | |0 0 |1 0 |4 0 |6 111_850000000000000_DID_2009 |7 0 |8 A |9 444107 |a BIBHIS |b BIBHIS |d 2019-11-22 |i 485425K |l 1 |m 2 |o 111.85 DID 2009 |p 485425K |r 2025-01-20 |s 2023-05-16 |w 2019-11-22 |y BK |k HIS | ||